| Tag |
First Indicator |
Second Indicator |
Subfields |
| LEADER |
00000cam a2200000 a 4500 |
| 001 |
in00004457821 |
| 005 |
20191202121357.0 |
| 008 |
850403s1985 maua 00110 eng d |
| 020 |
|
|
|a 0884165272
|
| 035 |
|
|
|a (OCoLC)11881913
|
| 035 |
|
|
|9 AAB4981MS
|
| 035 |
|
|
|z (UtOrBLW)5544
|
| 035 |
|
|
|a 8469
|
| 040 |
|
|
|a PPC
|c PPC
|d TMV
|d UtOrBLW
|
| 049 |
|
|
|a TMVM
|c 1
|
| 059 |
|
|
|l MS/BOOK STKS
|v 5
|y 1
|z 6
|t BOOK
|k CIRCULATING
|i 323890001731.
|n NL
|a WK 39
|b M364e 1985
|
| 060 |
|
4 |
|a WK 39
|b M364e 1985
|
| 100 |
1 |
|
|a Marsden, Philip.
|
| 245 |
1 |
0 |
|a Endocrinology /
|c P. Marsden and A.G. McCullagh.
|
| 264 |
|
1 |
|a Littleton, Mass. :
|b PSG Pub. Co.,
|c [1985]
|
| 264 |
|
4 |
|c ©1985
|
| 300 |
|
|
|a viii, 192 pages :
|b illustrations ;
|c 24 cm.
|
| 336 |
|
|
|a text
|2 rdacontent
|b txt
|
| 337 |
|
|
|a unmediated
|2 rdamedia
|
| 338 |
|
|
|a volume
|2 rdacarrier
|b nc
|
| 490 |
1 |
|
|a Management of common diseases in family practice
|
| 504 |
|
|
|a Includes index.
|
| 650 |
|
2 |
|a Endocrinology
|v Handbooks.
|
| 700 |
1 |
|
|a McCullagh, A. G.
|
| 830 |
|
0 |
|a Management of common diseases in family practice.
|
| 948 |
|
|
|a Keep until updated per EC; 2003 evaluation, nb 10/02/03.
|
| 999 |
|
|
|a MARS
|
| 999 |
f |
f |
|s 48baf3ad-7150-3e36-b80a-0b0d28c51d98
|i d05b9ebd-a99f-3359-b75d-156c9f4e2339
|t 0
|
| 952 |
f |
f |
|p ric
|a Texas A&M University
|b Rellis Campus
|c Joint Library Facility
|d Remote Storage
|t 0
|e WK 39 M364e 1985
|h National Library of Medicine classification
|i unmediated -- volume
|m 323890001731.
|
| 998 |
f |
f |
|a WK 39 M364e 1985
|t 0
|l Remote Storage
|